Eurovision Song Lyrics - Ireland - Statistics

General Stats
  • This quiz has been taken 19 times
  • The average score is 223 of 362
Answer Stats
Answer % Correct
I
100%
No
93%
to
93%
To
93%
you
93%
You
93%
a
87%
it
87%
the
87%
And
80%
for
80%
got
80%
it's
80%
that
80%
When
80%
when
80%
coming
73%
do
73%
from
73%
me
73%
me)
73%
nothing
73%
rich
73%
That's
73%
that's
73%
be
67%
Bye
67%
bye
67%
Hey
67%
love
67%
of
67%
off
67%
(So
67%
stupid
67%
Take
67%
your
67%
I'm
60%
I've
60%
mirror
60%
say
60%
think
60%
Think
60%
wall
60%
all
53%
All
53%
better
53%
cry
53%
don't
53%
Don't
53%
feel
53%
her
53%
hours
53%
know
53%
lose
53%
now
53%
(Now
53%
out
53%
prove
53%
should
53%
tell
53%
them
53%
use
53%
you'll
53%
dressed
47%
flowers
47%
fool
47%
I'll
47%
mother
47%
news
47%
Oh
47%
on
47%
reflection
47%
see
47%
sick
47%
sick)
47%
sure
47%
up
47%
Well
47%
Ain't
40%
another
40%
attention
40%
attitude
40%
Because
40%
bored
40%
burn
40%
down
40%
getting
40%
help
40%
just
40%
Loser
40%
lover
40%
maybe
40%
meet
40%
move
40%
need
40%
never
40%
over
40%
please
40%
sending
40%
Stop
40%
Used
40%
using
40%
wanna
40%
want
40%
yeah
40%
Always
33%
calls
33%
'Cause
33%
dodging
33%
doing
33%
funny
33%
glowed
33%
good
33%
how
33%
knew
33%
lazy
33%
miss
33%
moved
33%
moves
33%
ones
33%
putting
33%
tired
33%
turns
33%
were
33%
yourself
33%
centre
27%
(Ow)
27%
ya
27%
(Hah)
20%
No matching quizzes found
Score Distribution
Percent of People with Each Score
Percentile by Number Answered
Your Score History
You have not taken this quiz